Loading...
| Mythology | 0 | 8 | 0 | 0 | 80 | 16 | 46.00 | 7 | 8 |
| Science - Physics | 0 | 6 | 0 | 1 | 60 | 49 | 77.33 | 2 | 6 |
| Science - Other Science | 0 | 6 | 0 | 1 | 60 | 42 | 83.33 | 0 | 6 |
| Philosophy | 0 | 4 | 0 | 0 | 40 | 39 | 64.00 | 2 | 4 |
| Religion | 0 | 3 | 0 | 0 | 30 | 44 | 63.33 | 3 | 3 |
| History - American History | 0 | 2 | 0 | 1 | 20 | 54 | 89.50 | 1 | 2 |
| Geography/Current Events | 0 | 1 | 0 | 0 | 10 | 46 | 46.00 | 1 | 1 |
| Literature - World/Other Literature | 0 | 1 | 0 | 0 | 10 | 75 | 75.00 | 0 | 1 |
| Science - Biology | 0 | 1 | 0 | 0 | 10 | 82 | 82.00 | 0 | 1 |
| Science - Chemistry | 0 | 1 | 0 | 0 | 10 | 107 | 107.00 | 0 | 1 |
| History - Other History | 0 | 1 | 2 | 0 | 0 | 86 | 86.00 | 1 | 1 |
| Social Science | 0 | 0 | 1 | 0 | -5 | 0.00 | 0 | 0 |